[Event "Saint Louis Blitz 2022"]
[Site "Saint Louis USA"]
[Date "2022.08.30"]
[Round "13.5"]
[White "Dominguez Perez, Leinier"]
[Black "Caruana, Fabiano"]
[Result "0-1"]
[WhiteTitle "GM"]
[BlackTitle "GM"]
[WhiteElo "2754"]
[BlackElo "2776"]
[WhiteFideId "3503240"]
[BlackFideId "2020009"]
[EventDate "2022.08.29"]

1. e4 e5 2. Nf3 Nc6 3. Bb5 a6 4. Ba4 d6 5. O-O Bd7 6. c3 g6 7. d4 Bg7 8. Re1 Nf6
9. Nbd2 O-O 10. Bc2 Re8 11. h3 b5 12. Nf1 Na5 13. Ng3 c5 14. d5 Nc4 15. b3 Nb6
16. Bg5 h6 17. Be3 a5 18. Qd2 Kh7 19. Nh2 a4 20. f4 exf4 21. Bxf4 Qc7 22. Rac1
axb3 23. axb3 Ra2 24. Nf3 Bc8 25. Re2 Nbd7 26. Rf1 Ne5 27. Nxe5 dxe5 28. Be3 Rf8
29. Bd3 Rxd2 0-1

[Event "Saint Louis Blitz 2022"]
[Site "Saint Louis USA"]
[Date "2022.08.30"]
[Round "14.1"]
[White "Xiong, Jeffery"]
[Black "Vachier-Lagrave, Maxime"]
[Result "1/2-1/2"]
[WhiteTitle "GM"]
[BlackTitle "GM"]
[WhiteElo "2690"]
[BlackElo "2757"]
[WhiteFideId "2047640"]
[BlackFideId "623539"]
[EventDate "2022.08.29"]

1. Nf3 Nf6 2. c4 c5 3. Nc3 Nc6 4. e4 e5 5. d3 d6 6. a3 Be7 7. Rb1 O-O 8. b4 b6
9. g3 Nd4 10. Bg2 Be6 11. O-O Bg4 12. Be3 Qd7 13. bxc5 bxc5 14. Bxd4 cxd4 15.
Na2 Rfb8 16. Qc2 Rb6 17. Rb4 Qc8 18. Rfb1 Nd7 19. Nd2 Bd8 20. Rxb6 axb6 21. Nb4
Rxa3 22. Nd5 Be6 23. Nb3 Nc5 24. Nxc5 Qxc5 25. Rb5 Ra1+ 26. Rb1 Qa5 27. Bf1 Ra2
28. Rb2 Rxb2 29. Qxb2 Qe1 30. Qb4 Qxb4 31. Nxb4 Bd7 32. Nd5 Kf8 33. f4 b5 34.
cxb5 Bxb5 35. Be2 Ba5 36. Kf2 Ke8 37. h4 Kd8 38. Bf1 Bd7 39. Be2 Bd2 40. Bh5 f6
41. Ke2 Ba5 42. f5 Bc6 43. Bf7 h6 44. Kf3 Ba4 45. Ke2 Bc6 46. Kf3 Be1 47. Nb6
Kc7 48. Nc4 Ba4 49. Nb2 Bc2 50. Ke2 Bc3 51. Nc4 Ba4 52. Bd5 Be8 53. g4 h5 54. g5
Kd7 55. Nb6+ Kc7 56. Nc4 Bb4 57. g6 Ba4 58. Nb2 Bb5 59. Nd1 Ba4 60. Nf2 Kd8 61.
Nh1 Ke7 62. Ng3 Ba3 63. Nxh5 Kf8 64. Ng3 Bc1 65. Nh1 Be3 66. Nf2 Bb5 67. Ng4 Bf4
68. Bc4 Bc6 69. Bd5 Bb5 70. Bc4 Bc6 71. Bb3 Bb5 72. h5 Bg5 73. Bc4 Bc6 74. Kd1
Ba4+ 75. Ke2 Bc6 76. Nf2 Ba4 77. Bd5 Bh6 78. Bc4 Bg5 79. Ng4 Bc6 1/2-1/2

[Event "Saint Louis Blitz 2022"]
[Site "Saint Louis USA"]
[Date "2022.08.30"]
[Round "14.2"]
[White "Nepomniachtchi, Ian"]
[Black "Dominguez Perez, Leinier"]
[Result "0-1"]
[WhiteTitle "GM"]
[BlackTitle "GM"]
[WhiteElo "2792"]
[BlackElo "2754"]
[WhiteFideId "4168119"]
[BlackFideId "3503240"]
[EventDate "2022.08.29"]

1. d4 d5 2. c4 dxc4 3. e4 e5 4. Nf3 Bb4+ 5. Nc3 Nf6 6. Nxe5 b5 7. Be2 Nxe4 8.
O-O Bxc3 9. bxc3 Nxc3 10. Qc2 Nxe2+ 11. Qxe2 O-O 12. Ba3 Nd7 13. Bxf8 Qxf8 14.
a4 Nxe5 15. Qxe5 b4 16. d5 Bb7 17. a5 Qc5 18. Rfd1 Rd8 19. h4 c3 20. Rd3 Rxd5
21. Rxd5 Bxd5 22. Re1 h6 23. Qf5 Qc6 24. Qc8+ Kh7 25. Re8 c2 26. Rh8+ Kg6 27.
Qg4+ Kf6 28. Qf4+ Ke6 29. Qg4+ Ke7 30. Qxb4+ Kd7 31. Qg4+ Be6 32. Qd4+ Bd5 33.
Qg4+ Ke7 34. Qb4+ Ke6 35. Qg4+ Ke7 36. Qb4+ Qd6 37. Qe1+ Qe6 38. Qb4+ Qd6 39.
Qe1+ Be6 40. Qe3 Qd1+ 41. Kh2 c1=Q 42. Qe5 Qd6 0-1

[Event "Saint Louis Blitz 2022"]
[Site "Saint Louis USA"]
[Date "2022.08.30"]
[Round "14.5"]
[White "Aronian, Levon"]
[Black "Shankland, Sam"]
[Result "1/2-1/2"]
[WhiteTitle "GM"]
[BlackTitle "GM"]
[WhiteElo "2775"]
[BlackElo "2720"]
[WhiteFideId "13300474"]
[BlackFideId "2004887"]
[EventDate "2022.08.29"]

1. c4 e6 2. g3 d5 3. Bg2 Nf6 4. Nf3 Be7 5. O-O O-O 6. d3 c5 7. cxd5 exd5 8. d4
Nc6 9. Nc3 Be6 10. dxc5 Bxc5 11. Na4 Be7 12. Be3 Re8 13. Nc5 Bc8 14. Rc1 h6 15.
Nd3 Bg4 16. h3 Bf5 17. Nd4 Be4 18. Bxe4 Nxe4 19. Qa4 Bf6 20. Nxc6 bxc6 21. Bd4
Bxd4 22. Qxd4 Nd2 23. Rfd1 Rxe2 24. Qf4 g5 25. Qg4 Qe7 26. Rxc6 Qe4 27. Rxh6
Nf3+ 28. Kh1 Kg7 29. Rh5 f5 30. Qxe4 dxe4 31. Kg2 Rd8 32. g4 f4 33. Nxf4 Rxd1
34. Nxe2 Re1 35. h4 Nxh4+ 36. Rxh4 gxh4 37. Nc3 e3 38. fxe3 Rxe3 39. Nb5 Kg6 40.
Kf2 Rd3 41. Nxa7 h3 42. Nc6 Kg5 43. Ne5 Rd2+ 44. Kg3 h2 45. Nf3+ Kg6 46. Nxh2
Rxb2 47. Nf3 Rxa2 48. Ne5+ Kg5 49. Nf3+ Kg6 50. Ne5+ Kg5 51. Nf3+ Kg6 1/2-1/2

[Event "Saint Louis Blitz 2022"]
[Site "Saint Louis USA"]
[Date "2022.08.30"]
[Round "15.1"]
[White "Nepomniachtchi, Ian"]
[Black "Caruana, Fabiano"]
[Result "1/2-1/2"]
[WhiteTitle "GM"]
[BlackTitle "GM"]
[WhiteElo "2792"]
[BlackElo "2776"]
[WhiteFideId "4168119"]
[BlackFideId "2020009"]
[EventDate "2022.08.29"]

1. e4 e5 2. f4 exf4 3. Nf3 Be7 4. Bc4 Nf6 5. e5 Nh5 6. Nc3 O-O 7. d4 d6 8. O-O
Bg4 9. h3 Be6 10. d5 Bf5 11. Nd4 Bg6 12. e6 Bf6 13. exf7+ Rxf7 14. Ne6 Qe7 15.
Bd3 Nd7 16. Bxg6 hxg6 17. Nxc7 Rc8 18. Ne6 Bxc3 19. bxc3 Rxc3 20. Rb1 Ne5 21.
Nxf4 Ng3 22. Re1 Qh4 23. Rb4 g5 24. Bd2 Rc4 25. Rxc4 Nxc4 26. Re8+ Kh7 27. Rh8+
Kxh8 28. Ng6+ Kg8 29. Nxh4 gxh4 30. Bg5 Nb6 31. Bxh4 Rf1+ 32. Qxf1 Nxf1 33. Kxf1
Nxd5 34. Bg3 Nb4 35. Bxd6 Nxa2 36. Ke2 Nc3+ 37. Kd3 Nd5 38. Kd4 Nf6 39. Bb8 a6
40. g4 Kf7 41. Bf4 Ke6 42. Bd2 Nd7 43. c4 b5 44. cxb5 axb5 45. Kc3 Nf6 46. Kb4
Ne4 47. Be1 Ng5 48. Bc3 Nxh3 49. Bxg7 Nf2 50. Kxb5 Nxg4 51. Ka4 Ne5 52. Bxe5 1/2-1/2

[Event "Saint Louis Blitz 2022"]
[Site "Saint Louis USA"]
[Date "2022.08.30"]
[Round "15.4"]
[White "Dominguez Perez, Leinier"]
[Black "Xiong, Jeffery"]
[Result "1-0"]
[WhiteTitle "GM"]
[BlackTitle "GM"]
[WhiteElo "2754"]
[BlackElo "2690"]
[WhiteFideId "3503240"]
[BlackFideId "2047640"]
[EventDate "2022.08.29"]

1. e4 e5 2. Nf3 Nf6 3. Nxe5 d6 4. Nf3 Nxe4 5. Nc3 Nxc3 6. dxc3 Be7 7. Be3 O-O 8.
Qd2 Nd7 9. O-O-O c6 10. h4 Nf6 11. Bd3 Bg4 12. Rde1 Re8 13. Ng5 h6 14. f3 Bd7
15. c4 d5 16. Bd4 hxg5 17. hxg5 Ne4 18. fxe4 Bxg5 19. Be3 Bxe3 20. Rxe3 Qg5 21.
cxd5 cxd5 22. Rh8+ Kxh8 23. Rh3+ Bxh3 24. Qxg5 dxe4 25. Qh4+ Kg8 26. Bxe4 Be6
27. Qh7+ Kf8 28. Qh8+ Ke7 29. Qxg7 Rab8 30. Qg5+ Kd6 31. Qf4+ Kd7 32. Qd2+ Ke7
33. Qb4+ Kf6 34. Qd4+ Ke7 35. Qxa7 Kf8 36. Bxb7 Kg8 37. Bf3 Bf5 38. b3 Rbc8 39.
c4 Rcd8 40. Kb2 Rd2+ 41. Kc3 Rc2+ 42. Kb4 Bg6 43. a4 Rb2 44. Ka3 Rb1 45. a5 Kh7
46. a6 Re6 47. Bb7 Bc2 48. Ka2 Ree1 49. Qd4 Bxb3+ 50. Ka3 Bc2 51. a7 Rb3+ 52.
Ka2 Re2 53. Qh4+ Kg7 54. Qg4+ 1-0

[Event "Saint Louis Blitz 2022"]
[Site "Saint Louis USA"]
[Date "2022.08.30"]
[Round "15.5"]
[White "Mamedyarov, Shakhriyar"]
[Black "Aronian, Levon"]
[Result "1-0"]
[WhiteTitle "GM"]
[BlackTitle "GM"]
[WhiteElo "2758"]
[BlackElo "2775"]
[WhiteFideId "13401319"]
[BlackFideId "13300474"]
[EventDate "2022.08.29"]

1. d4 Nf6 2. Bg5 d5 3. Bxf6 gxf6 4. c4 e5 5. e3 exd4 6. Qxd4 Nc6 7. Qxd5 Qxd5 8.
cxd5 Nb4 9. Na3 Nxd5 10. O-O-O Nc3 11. bxc3 Bxa3+ 12. Kc2 Be6 13. Ne2 Bd6 14.
Nd4 Ke7 15. Bd3 c5 16. Nf5+ Bxf5 17. Bxf5 Rad8 18. a4 b6 19. Rd5 Bc7 20. Rxd8
Rxd8 21. Bxh7 Rh8 22. Bf5 Rxh2 23. Rd1 Bd6 24. Bh3 c4 25. Kd2 f5 26. f4 Ke6 27.
Ke2 Be7 28. Kf2 a6 29. Rb1 Kd5 30. Rd1+ Kc5 31. Kg3 Rxh3+ 32. gxh3 Bf6 33. Rc1
b5 34. axb5 axb5 35. Kf3 b4 36. cxb4+ Kxb4 37. Rb1+ Ka3 38. Rb7 Bc3 39. Ke2 Bb4
40. h4 Kb3 41. h5 c3 42. Kd3 1-0

[Event "Saint Louis Blitz 2022"]
[Site "Saint Louis USA"]
[Date "2022.08.30"]
[Round "16.2"]
[White "Caruana, Fabiano"]
[Black "Shankland, Sam"]
[Result "1-0"]
[WhiteTitle "GM"]
[BlackTitle "GM"]
[WhiteElo "2776"]
[BlackElo "2720"]
[WhiteFideId "2020009"]
[BlackFideId "2004887"]
[EventDate "2022.08.29"]

1. Nf3 c5 2. b3 d6 3. Bb2 e5 4. c4 Nc6 5. e3 g6 6. Be2 Bg7 7. O-O Nge7 8. Nc3
O-O 9. d3 h6 10. Nd2 Be6 11. Bf3 d5 12. cxd5 Nxd5 13. Nxd5 Bxd5 14. Qe2 Qd7 15.
Rfd1 Rad8 16. a3 b6 17. Rab1 Rfe8 18. Ba1 Bxf3 19. Nxf3 a5 20. e4 Re6 21. Rd2
Rd6 22. Rbd1 h5 23. h3 Qe6 24. Rb1 Bh6 25. Rdd1 f6 26. Qc2 Kh7 27. Bc3 Qd7 28.
Ne1 Nd4 29. Bxd4 cxd4 30. b4 Rc8 31. Qa2 a4 32. b5 Qe6 33. Qb2 Rd7 34. Nc2 g5
35. Nb4 g4 36. Qe2 Rg7 37. h4 g3 38. fxg3 Rxg3 39. Qxh5 Rcg8 40. Rb2 R8g6 41.
Kh2 Kg7 42. Rc2 Bf4 43. Kg1 Qh3 44. Rc7+ Kf8 45. Qh8+ 1-0

[Event "Saint Louis Blitz 2022"]
[Site "Saint Louis USA"]
[Date "2022.08.30"]
[Round "16.3"]
[White "Aronian, Levon"]
[Black "Vachier-Lagrave, Maxime"]
[Result "1/2-1/2"]
[WhiteTitle "GM"]
[BlackTitle "GM"]
[WhiteElo "2775"]
[BlackElo "2757"]
[WhiteFideId "13300474"]
[BlackFideId "623539"]
[EventDate "2022.08.29"]

1. d4 Nf6 2. Bg5 d5 3. Bxf6 gxf6 4. c4 c5 5. cxd5 Qxd5 6. e3 cxd4 7. Nc3 Qa5 8.
exd4 Bg7 9. Bb5+ Bd7 10. Bxd7+ Nxd7 11. Ne2 O-O 12. O-O f5 13. Ng3 Nf6 14. d5 e6
15. Qb3 Qb6 16. Qxb6 axb6 17. Rfe1 Rfe8 18. dxe6 fxe6 19. Rad1 Bf8 20. a3 Kf7
21. Kf1 Rac8 22. Nge2 e5 23. Rc1 Bh6 24. Rcd1 Bf8 25. Rc1 Bh6 26. Rcd1 Bf8 1/2-1/2

[Event "Saint Louis Blitz 2022"]
[Site "Saint Louis USA"]
[Date "2022.08.30"]
[Round "16.5"]
[White "Xiong, Jeffery"]
[Black "Nepomniachtchi, Ian"]
[Result "1/2-1/2"]
[WhiteTitle "GM"]
[BlackTitle "GM"]
[WhiteElo "2690"]
[BlackElo "2792"]
[WhiteFideId "2047640"]
[BlackFideId "4168119"]
[EventDate "2022.08.29"]

1. e4 c5 2. Nf3 e6 3. c3 d5 4. exd5 Qxd5 5. Na3 Nf6 6. d4 a6 7. Nc4 Nbd7 8. Bg5
Be7 9. Bxf6 Bxf6 10. dxc5 Qxd1+ 11. Rxd1 Nxc5 12. Nb6 Rb8 13. Bd3 Ke7 14. Bc2
Nd7 15. Nxc8+ Rhxc8 16. h4 b5 17. a3 a5 18. g4 g6 19. g5 Bg7 20. h5 Rc7 21. hxg6
hxg6 22. Rh7 Kf8 23. Rh4 Nb6 24. Bb3 Nd7 25. Bc2 Ne5 26. Nxe5 Bxe5 27. Bd3 Rc5
28. Ke2 Bg7 29. Rg1 Rd8 30. Rg3 Rdd5 31. f4 Rd8 32. Rh1 Rcd5 33. Rd1 Rb8 34. Bc2
Rc5 35. Bb3 b4 36. cxb4 axb4 37. Rgd3 Bxb2 38. Rd8+ Rxd8 39. Rxd8+ Ke7 40. axb4
Rb5 41. Re8+ Kd6 42. Rd8+ Kc7 43. Rf8 Rf5 44. Bc2 Rxf4 45. Bxg6 f6 46. gxf6 Rxf6
47. Rxf6 Bxf6 48. Kd3 Kb6 49. Bf7 Be7 50. Bxe6 Bxb4 1/2-1/2

[Event "Saint Louis Blitz 2022"]
[Site "Saint Louis USA"]
[Date "2022.08.30"]
[Round "17.1"]
[White "Mamedyarov, Shakhriyar"]
[Black "Shankland, Sam"]
[Result "1-0"]
[WhiteTitle "GM"]
[BlackTitle "GM"]
[WhiteElo "2758"]
[BlackElo "2720"]
[WhiteFideId "13401319"]
[BlackFideId "2004887"]
[EventDate "2022.08.29"]

1. d4 Nf6 2. Bg5 d5 3. Bxf6 exf6 4. e3 Be6 5. Nd2 Nd7 6. Bd3 Nb6 7. Qf3 Bd6 8.
Ne2 O-O 9. g4 c5 10. c3 cxd4 11. exd4 Re8 12. Kf1 Qd7 13. h3 Na4 14. Rb1 b5 15.
Kg2 b4 16. Nf1 Rac8 17. cxb4 Bxb4 18. Ne3 Nb6 19. b3 Rc7 20. h4 Nc8 21. g5 Be7
22. Nf4 Rd8 23. Nh5 fxg5 24. hxg5 Bxg5 25. Qg3 Qe7 26. Nxg7 Rc3 27. Nxe6 fxe6
28. Rxh7 Qf6 29. Ng4 Qf4 30. Nh6+ Kf8 31. Rf7+ 1-0

[Event "Saint Louis Blitz 2022"]
[Site "Saint Louis USA"]
[Date "2022.08.30"]
[Round "17.3"]
[White "Xiong, Jeffery"]
[Black "Caruana, Fabiano"]
[Result "0-1"]
[WhiteTitle "GM"]
[BlackTitle "GM"]
[WhiteElo "2690"]
[BlackElo "2776"]
[WhiteFideId "2047640"]
[BlackFideId "2020009"]
[EventDate "2022.08.29"]

1. d4 Nf6 2. Nf3 d5 3. Bf4 Bg4 4. Ne5 Bf5 5. e3 Nbd7 6. Bd3 Bxd3 7. cxd3 e6 8.
Nc3 Nxe5 9. dxe5 Nd7 10. h4 h5 11. d4 Be7 12. Qe2 c6 13. O-O-O a5 14. Kb1 a4 15.
g4 g6 16. Bg5 Nb6 17. f4 hxg4 18. Qxg4 Nc4 19. Qe2 Qa5 20. Bxe7 Kxe7 21. Rc1 Ra6
22. Ka1 Rb6 23. Nd1 Rb3 24. Rxc4 dxc4 25. axb3 axb3+ 26. Kb1 Ra8 27. Kc1 Qb4 28.
Kb1 Ra2 29. Qe1 Qa4 30. Kc1 Ra1+ 31. Kd2 c3+ 32. Kxc3 Rc1+ 33. Kd3 Qc4+ 34. Ke4
Qd5+ 35. Kd3 c5 36. Rg1 Rc2 0-1

[Event "Saint Louis Blitz 2022"]
[Site "Saint Louis USA"]
[Date "2022.08.30"]
[Round "17.5"]
[White "Dominguez Perez, Leinier"]
[Black "Aronian, Levon"]
[Result "1-0"]
[WhiteTitle "GM"]
[BlackTitle "GM"]
[WhiteElo "2754"]
[BlackElo "2775"]
[WhiteFideId "3503240"]
[BlackFideId "13300474"]
[EventDate "2022.08.29"]

1. e4 e5 2. Nf3 Nc6 3. Bb5 Nf6 4. O-O Nxe4 5. Re1 Nd6 6. Nxe5 Be7 7. Bf1 Nxe5 8.
Rxe5 O-O 9. d4 Bf6 10. Re1 Re8 11. Bf4 Rxe1 12. Qxe1 Ne8 13. Nc3 Bxd4 14. Nd5 d6
15. Bg5 f6 16. Bc4 Kh8 17. Be3 Bxb2 18. Rb1 Be5 19. f4 c6 20. Bd3 cxd5 21. Qh4
h6 22. fxe5 dxe5 23. Bg6 Kg8 24. Bxh6 gxh6 25. Qxh6 Qe7 26. Rb3 Bg4 27. Qh4 Qd7
28. h3 Be6 29. Bxe8 Rxe8 30. Rg3+ Kf8 31. Qxf6+ Bf7 32. Qg7+ Ke7 33. Qxe5+ Qe6
34. Qc7+ Kf8 35. Qc5+ Re7 36. Qxa7 Bg6 37. Qd4 Rf7 38. Re3 Be4 39. Rg3 Qd6 40.
Qh8+ Ke7 41. Rg8 Qf6 42. Qh5 Qf2+ 43. Kh2 Qf4+ 44. Kg1 Kd7 45. Qh8 Kc7 46. Rc8+
Kb6 47. Qd8+ Kb5 48. Qe8+ Kb4 49. a3+ Kxa3 50. Ra8+ Kb2 51. Qb5+ Kc1 52. Ra1+
Kd2 53. Qb4+ Kxc2 54. Ra2+ Kd1 55. Qb3+ Ke1 56. Qc3+ Kd1 57. Ra1+ 1-0

[Event "Saint Louis Blitz 2022"]
[Site "Saint Louis USA"]
[Date "2022.08.30"]
[Round "18.2"]
[White "Aronian, Levon"]
[Black "Nepomniachtchi, Ian"]
[Result "1/2-1/2"]
[WhiteTitle "GM"]
[BlackTitle "GM"]
[WhiteElo "2775"]
[BlackElo "2792"]
[WhiteFideId "13300474"]
[BlackFideId "4168119"]
[EventDate "2022.08.29"]

1. d4 Nf6 2. Bg5 d5 3. Bxf6 gxf6 4. c4 c5 5. cxd5 Qxd5 6. e3 cxd4 7. Nc3 Qa5 8.
exd4 Bg7 9. Bb5+ Bd7 10. Qg4 Bxb5 11. Qxg7 Rf8 12. Qxh7 Nc6 13. Nf3 e6 14. d5
Nb4 15. dxe6 O-O-O 16. e7 Nd3+ 17. Kf1 Nc1+ 18. Kg1 Rd1+ 19. Nxd1 Ne2+ 20. Kf1
Nd4+ 21. Kg1 Ne2+ 22. Kf1 Nf4+ 23. Kg1 Qe1+ 24. Nxe1 Ne2+ 25. Kf1 Ng3+ 26. Kg1
Ne2+ 27. Kf1 Ng3+ 28. Kg1 Ne2+ 1/2-1/2

[Event "Saint Louis Blitz 2022"]
[Site "Saint Louis USA"]
[Date "2022.08.30"]
[Round "18.3"]
[White "Shankland, Sam"]
[Black "Vachier-Lagrave, Maxime"]
[Result "1/2-1/2"]
[WhiteTitle "GM"]
[BlackTitle "GM"]
[WhiteElo "2720"]
[BlackElo "2757"]
[WhiteFideId "2004887"]
[BlackFideId "623539"]
[EventDate "2022.08.29"]

1. c4 e5 2. g3 Nf6 3. Bg2 d5 4. cxd5 Nxd5 5. Nf3 Nc6 6. O-O Nb6 7. Nc3 Be7 8. a3
O-O 9. d3 Be6 10. Be3 Nd5 11. Nxd5 Bxd5 12. Rc1 Re8 13. Qa4 a6 14. Nd2 Bxg2 15.
Kxg2 Qd5+ 16. Nf3 Bd6 17. Qc4 Qxc4 18. Rxc4 Nd8 19. Nd2 Ne6 20. g4 Rad8 21. Ne4
Be7 22. Rfc1 c6 23. b4 g6 24. g5 Rd5 25. h4 h6 26. Rh1 hxg5 27. hxg5 Kg7 28. Kf3
Rh8 29. Rxh8 Kxh8 30. Kg4 Kg7 31. Rc1 Kf8 32. Bc5 a5 33. Rc3 Ke8 34. e3 a4 35.
Bxe7 Kxe7 36. Nc5 Nxc5 37. bxc5 Ke6 38. Kf3 Rd8 39. Ke4 Rh8 40. Rc4 Rh4+ 41. f4
exf4 42. exf4 Rh1 43. Rxa4 Re1+ 44. Kf3 Kd5 45. Re4 Rxe4 46. dxe4+ Kxc5 47. f5
Kd6 48. Kf4 b5 49. e5+ Ke7 50. e6 gxf5 51. exf7 Kxf7 52. Kxf5 c5 53. Ke5 Kg6 54.
Kd5 c4 55. Kd4 Kxg5 56. a4 bxa4 57. Kxc4 a3 58. Kb3 a2 59. Kxa2 1/2-1/2

[Event "Saint Louis Blitz 2022"]
[Site "Saint Louis USA"]
[Date "2022.08.30"]
[Round "18.4"]
[White "Caruana, Fabiano"]
[Black "Mamedyarov, Shakhriyar"]
[Result "1-0"]
[WhiteTitle "GM"]
[BlackTitle "GM"]
[WhiteElo "2776"]
[BlackElo "2758"]
[WhiteFideId "2020009"]
[BlackFideId "13401319"]
[EventDate "2022.08.29"]

1. d4 Nf6 2. c4 e6 3. Nf3 d5 4. g3 Be7 5. Bg2 O-O 6. O-O dxc4 7. Qa4 b6 8. Qxc4
Bb7 9. Bg5 h6 10. Bxf6 Bxf6 11. Nc3 Nd7 12. e4 c5 13. e5 cxd4 14. exf6 dxc3 15.
fxg7 Kxg7 16. Rad1 Rc8 17. Qg4+ Kh7 18. bxc3 Qe7 19. Qa4 Nf6 20. Qxa7 Qc7 21.
Qa4 Kg7 22. Rc1 Ra8 23. Qb3 Qc5 24. Rb1 Bd5 25. Qxb6 Qxc3 26. Rfc1 Qa3 27. Ne5
Bxg2 28. Kxg2 Qxa2 29. Qd4 Ra4 30. Qd1 Re4 31. Ra1 Qb2 32. Nc4 Qb4 33. Rab1 Qe7
34. Qf3 Rd8 35. Ne3 Rd2 36. Rd1 Ra2 37. Re1 Qa7 38. h3 h5 39. g4 hxg4 40. hxg4
Qc5 41. Qg3 Qg5 42. Kg1 Nxg4 43. Ng2 Rxe1+ 44. Rxe1 Rxf2 45. Re4 f5 46. Rxe6
Qc1+ 47. Re1 Qc5 48. Kh1 Rc2 49. Qh4 Nf2+ 50. Kh2 Ng4+ 51. Kh1 Kg6 52. Re6+ Kf7
53. Re1 Nf2+ 54. Kh2 Ng4+ 55. Kh1 Rc1 56. Qh7+ Kf6 57. Qh8+ Kg6 58. Nf4+ Kg5 59.
Ne6+ 1-0